000 00461nam a2200157Ia 4500
005 20260417150917.0
008 260417s9999||||xx |||||||||||||| ||und||
020 _a9781839700422
041 _aeng
100 _aTerzis/Kloza/Kuå¼Elewska/Trottier
245 0 _aDisinformation and digital media as a challenge for democracy
260 _bCambridge, Cambridge,
_c2021
650 _aMedia & Communication
856 _u10.1017/9781839700422
942 _cE-BOOK
999 _c50657
_d50657